Guia para realizar investigaciones sociales/ (Registro nro. 9707)
[ vista simple ]
| 000 -LEADER | |
|---|---|
| fixed length control field | 02128nam a2200193Ia 4500 |
| 005 - FECHA Y HORA DE LA ÚLTIMA TRANSACCIÓN | |
| control field | 20231011165345.0 |
| 008 - FIXED-LENGTH DATA ELEMENTS--GENERAL INFORMATION | |
| fixed length control field | 231011s9999 xx 000 0 und d |
| 020 ## - INTERNATIONAL STANDARD BOOK NUMBER | |
| International Standard Book Number | 968-856-262-5 |
| 040 ## - CATALOGING SOURCE | |
| Original cataloging agency | UPAN |
| Transcribing agency | Biblioteca San Vicente |
| Description conventions | RCAA2 |
| 041 ## - LANGUAGE CODE | |
| Language code of text/sound track or separate title | spa |
| 082 ## - DEWEY DECIMAL CLASSIFICATION NUMBER | |
| Classification number | 300.72 |
| Item number | R653g |
| año de publicación | 2006 |
| 100 ## - MAIN ENTRY--PERSONAL NAME | |
| Personal name | Rojas Soriano, Raùl |
| Relator code | aut. |
| 245 #0 - TITLE STATEMENT | |
| Title | Guia para realizar investigaciones sociales/ |
| Statement of responsibility, etc | Raúl Rojas Soriano |
| 260 ## - PUBLICATION, DISTRIBUTION, ETC. (IMPRINT) | |
| Place of publication, distribution, etc | México: |
| Name of publisher, distributor, etc | PyV, |
| Date of publication, distribution, etc | 2006 |
| 300 ## - PHYSICAL DESCRIPTION | |
| Extent | 437 p.; |
| Dimensions | 21 cm. |
| 505 ## - FORMATTED CONTENTS NOTE | |
| Formatted contents note | Capítulo I. Alcances y limitaciones de la investigación social . Capítulo II. El proceso de la investigación científica . Capítulo III. Criterios para seleccionar los temas de investigación. Capítulo IV. Planteamiento del problema. Capítulo V. Elaboración del marco teórico y conceptual de referencia. Capítulo VI. Técnicas de investigación documental y de campo para elaborar el problema y el marco teórico y conceptual. Capítulo VII. elaboración de hipótesis: proceso dialéctico. Capítulo VIII. Diseño de la moda. Capítulo IX. Operacionalización de hipótesis. Capítulo X. Objetividad-subjetividad en la investigación empírica. Capítulo XI. técnicas e instrumentos para recopilar la información. Capítulo XII. Otras Técnicas cualitativas en la investigación social. Capítulo XIII. Procedimientos para la prueba de las hipótesis. Capítulo XIV. Diseño de la muestra. Capítulo XV. Estrategia del trabajo de campo. Capítulo XVI. Procesamiento de la información. Capítulo XVII. Análisis e interpretación de los datos. Capítulo XVIII. Presentación de los resultados. Capítulo XIX. Redacción dl trabajo de investigación. Capítulo XX. Algunos errores que pueden cometerse en la investigación. Capítulo XXI. elementos básicos del método científico. Apéndice 1. Técnicas estadísticas en la investigación social. Apéndice II. Tabla de números aleatorios. Apéndice III. Áreas bajo la curva normal tipificada. Apéndice IV. Distribución JI cuadrada. Apéndice V. Tabla para determinar el de la muestra. Bibliografía. |
| 650 ## - SUBJECT ADDED ENTRY--TOPICAL TERM | |
| Source of heading or term | LEMB |
| General subdivision | Investigación social |
| 9 (RLIN) | 3 |
| 942 ## - ADDED ENTRY ELEMENTS (KOHA) | |
| Koha item type | Libros |
| Source of classification or shelving scheme | Dewey Decimal Classification |
| Withdrawn status | Lost status | Source of classification or shelving scheme | Damaged status | Not for loan | Collection code | Home library | Current library | Date acquired | Total Checkouts | Full call number | Barcode | Date last seen | Copy number | Price effective from | Koha item type |
|---|---|---|---|---|---|---|---|---|---|---|---|---|---|---|---|
| Dewey Decimal Classification | Referencia | Biblioteca UPAN San Vicente | Biblioteca UPAN San Vicente | 11/10/2023 | 300.72 R653g | 12001979 | 11/10/2023 | 01 | 11/10/2023 | Libros | |||||
| Dewey Decimal Classification | Referencia | Biblioteca UPAN San Vicente | Biblioteca UPAN San Vicente | 11/10/2023 | 300.72 R653g | 12001981 | 11/10/2023 | 02 | 11/10/2023 | Libros | |||||
| Dewey Decimal Classification | Tesario | Biblioteca UPAN San Vicente | Biblioteca UPAN San Vicente | 11/10/2023 | 300.72 R653g | 12003114 | 11/10/2023 | 03 | 11/10/2023 | Libros | |||||
| Dewey Decimal Classification | Tesario | Biblioteca UPAN San Vicente | Biblioteca UPAN San Vicente | 11/10/2023 | 300.72 R653g | 12003116 | 11/10/2023 | 03 | 11/10/2023 | Libros | |||||
| Dewey Decimal Classification | Referencia | Biblioteca UPAN San Vicente | Biblioteca UPAN San Vicente | 11/10/2023 | 300.72 R653g | 12003115 | 11/10/2023 | 05 | 11/10/2023 | Libros |